00409nam a2200133Ia 4500003000400000008004100004040001600045082001700061100002000078245010700098260004200205300000800247650002000255GCL140319s9999 xx 000 0 eng d aGCL / cGCL04a616.975bD I1 aDIRAR, HAMID A10aTHE INDIGENOUS FERMENTED FOODS OF THE SUDAN: A STUDY IN AFRICAN FOOD AND NUTRITION / cDIRAR, HAMID A a[S.N] : bCAB IMTERNATIONAL ، c1993 a55204aFERMENTED FOODS